Devinez la Capitale Mystère #155 - Statistiques

Statistiques générales
  • Ce quiz a été pris 110 fois
  • Le résultat moyen est 24 sur 39
Statistiques - réponses
Type de Réponse Réponse % Correct
Lettre de l'Alphabet A
100%
Lettre Trouvée I
100%
Lettre Trouvée E
96%
Lettre Trouvée O
96%
Lettre de l'Alphabet R
96%
Lettre Trouvée N
95%
Lettre de l'Alphabet S
95%
Lettre Trouvée B
94%
Lettre Trouvée T
94%
Lettre Trouvée L
93%
Lettre de l'Alphabet G
88%
Lettre Bien Placée B
87%
Lettre de l'Alphabet P
85%
Lettre de l'Alphabet U
85%
Lettre de l'Alphabet D
83%
Lettre Trouvée M
80%
Lettre de l'Alphabet C
70%
Lettre de l'Alphabet K
70%
Lettre de l'Alphabet V
70%
Lettre de l'Alphabet H
69%
Lettre de l'Alphabet W
69%
Lettre de l'Alphabet Y
49%
Lettre Bien Placée E
42%
Lettre de l'Alphabet X
42%
Lettre Bien Placée O
39%
Lettre Bien Placée N
37%
Lettre de l'Alphabet Z
37%
Lettre de l'Alphabet J
36%
Lettre Bien Placée E
35%
Lettre Bien Placée M
32%
Lettre Bien Placée O
29%
Lettre Trouvée F
25%
Lettre Bien Placée I
21%
Lettre Bien Placée L
21%
Lettre de l'Alphabet Q
21%
Capitale Mystère Bloemfontein
19%
Lettre Bien Placée F
19%
Lettre Bien Placée N
19%
Lettre Bien Placée T
19%
Aucun quiz correspondant
Distribution des résultats
% des personnes avec chaque résultat
Percentile par nombre de réponses
Votre historique - résultats
Vous n’avez pas pris ce quiz